| 000 | 00740nam a2200229 a 4500 | ||
|---|---|---|---|
| 001 | BRL_492 | ||
| 005 | 20190320210752.0 | ||
| 008 | 200813s1962----gw-abo####---#000-0#ger-# | ||
| 041 | _ager | ||
| 044 | _agw | ||
| 050 | 4 |
_aN5305 _b.K86 9 1962 |
|
| 100 | 1 |
_aGoetz, Hermann _924093 |
|
| 245 | 1 | 0 |
_aIndien _bFünf Jahrtausende Indischer Kunst _cVon Hermann Goetz |
| 260 |
_aGermany _bHolle-Verlag Baden-Baden _c1962 |
||
| 300 |
_a289 p. _b68 il. (algunas a color) _c23 cm. |
||
| 440 | 0 |
_aKunst der Welt; ihre geschichtlichen, soziologischen und religiösen Grundlagen _pDie aussereuropäischen Kulturen _v9 _924094 |
|
| 500 | _aAu520 | ||
| 500 | _aBibliografía: p. 281-284 | ||
| 650 | 1 | 4 |
_aArte _zIndia _918478 |
| 902 | _aGRL | ||
| 942 |
_2lcc _cB |
||
| 999 |
_c9304 _d9304 |
||